[Event "US Open-115"]
[Site "Orlando"]
[Date "2014.08.03"]
[Round "9"]
[White "Gater, Daniel"]
[Black "Brock, William"]
[Result "0-1"]
[WhiteElo "2144"]
[BlackElo "2018"]
[PlyCount "94"]
[EventDate "2014.07.26"]
[EventType "swiss"]
[EventRounds "9"]
[EventCountry "USA"]
[SourceTitle "CBM 161 Extra"]
[Source "ChessBase"]
[SourceDate "2014.08.29"]
[SourceVersion "1"]
[SourceVersionDate "2014.08.29"]
[SourceQuality "1"]

1. e4 e5 2. Nf3 Nc6 3. Bb5 a6 4. Ba4 Nf6 5. 0-0 Be7 6. Re1 b5 7. Bb3 d6 8. c3 0-0 9. h3 Nb8 10. d4 Nbd7 11. Nbd2 Bb7 12. Bc2 Re8 13. b3 c6 14. Bb2 Bf8 15. Bd3 Qc7 16. Qc2 Rac8 17. a4 g6 18. b4 Nb6 19. c4 Nxa4 20. Rxa4 bxa4 21. dxe5 dxe5 22. c5 a5 23. Nc4 axb4 24. Ncxe5 b3 25. Qc4 Ra8 26. Qd4 Bg7 27. Bc4 Re7 28. Ng4 Nh5 29. e5 Rd8 30. Qe3 Bc8 31. Nh6+ Kf8 32. g4 Be6 33. Bxe6 Rxe6 34. gxh5 gxh5 35. Nf5 Qd7 36. Nxg7 Kxg7 37. Nd4 Rg6+ 38. Kh2 Qd5 39. Rg1 a3 40. Nf5+ Kf8 41. Bxa3 Qd2 42. Bc1 Qxe3 43. Nxe3 Rxg1 44. Kxg1 Rd2 45. Bxd2 b2 46. Nf1 b1Q 47. Be3 Qf5 0-1

[Event "US Open-115"]
[Site "Orlando"]
[Date "2014.07.30"]
[Round "5"]
[White "Brock, William"]
[Black "Madison, Jeremy M"]
[Result "0-1"]
[WhiteElo "2018"]
[BlackElo "1988"]
[PlyCount "65"]
[EventDate "2014.07.26"]
[EventType "swiss"]
[EventRounds "9"]
[EventCountry "USA"]
[SourceTitle "CBM 161 Extra"]
[Source "ChessBase"]
[SourceDate "2014.08.29"]
[SourceVersion "1"]
[SourceVersionDate "2014.08.29"]
[SourceQuality "1"]

1. d4 c5 2. e4 cxd4 3. Nf3 Nc6 4. Nxd4 d6 5. Nc3 Nf6 6. Bg5 a6 7. f4 Qb6 8. Nb3 h6 9. Bh4 Bg4 10. Be2 Bxe2 11. Qxe2 e6 12. 0-0-0 Qc7 13. Rhe1 Be7 14. Kb1 0-0 15. e5 dxe5 16. fxe5 Nd7 17. Bxe7 Nxe7 18. Nd4 b5 19. Qe4 b4 20. Na4 Nd5 21. Nf5 Rfc8 22. Nd6 Rcb8 23. Rd3 Qa5 24. Nxf7 Kxf7 25. Qh7 Nxe5 26. Rxe5 Nc3+ 27. Nxc3 Qxe5 28. Ne4 Rd8 29. Rf3+ Ke7 30. a3 bxa3 31. c3 Rab8 32. b4 Rxb4+ 33. Ka1 0-1

[Event "US Open-114"]
[Site "Middleton"]
[Date "2013.08.01"]
[Round "6"]
[White "Brock, William"]
[Black "Haring Orton, Ruth Inez"]
[Result "1/2-1/2"]
[WhiteElo "2035"]
[BlackElo "1885"]
[PlyCount "48"]
[EventDate "2013.07.27"]
[EventType "swiss"]
[EventRounds "9"]
[EventCountry "USA"]
[SourceTitle "CBM 155 Extra"]
[Source "ChessBase"]
[SourceDate "2013.08.26"]
[SourceVersion "1"]
[SourceVersionDate "2013.08.26"]
[SourceQuality "1"]

1. d4 Nf6 2. c4 c5 3. d5 e6 4. g3 exd5 5. cxd5 d6 6. Bg2 b5 7. a4 b4 8. Nd2 Nbd7 9. Ngf3 Bb7 10. e4 Ba6 11. Bf1 Bxf1 12. Kxf1 Be7 13. h3 0-0 14. Kg2 Re8 15. Re1 Bf8 16. Nc4 Nxe4 17. Qd3 Nef6 18. Bf4 Rxe1 19. Rxe1 Nb6 20. Nxb6 axb6 21. b3 Qd7 22. Bg5 Ne8 23. Re4 h6 24. Rh4 Be7 1/2-1/2

[Event "Chicago op 20th"]
[Site "Wheeling"]
[Date "2011.05.29"]
[Round "6"]
[White "Homa, Seth"]
[Black "Brock, William"]
[Result "1/2-1/2"]
[WhiteElo "2275"]
[BlackElo "2024"]
[PlyCount "81"]
[EventDate "2011.05.26"]
[EventType "swiss"]
[EventRounds "9"]
[EventCountry "USA"]
[SourceTitle "CBM 142 Extra"]
[Source "ChessBase"]
[SourceDate "2011.06.27"]
[SourceVersion "1"]
[SourceVersionDate "2011.06.27"]
[SourceQuality "1"]

1. e4 e5 2. Nf3 Nc6 3. Bc4 Bc5 4. c3 Nf6 5. d3 a6 6. 0-0 d6 7. Bb3 Ba7 8. Be3 0-0 9. Nbd2 Be6 10. Bc2 Bxe3 11. fxe3 Ng4 12. Qe2 Kh8 13. d4 Bd7 14. h3 Nh6 15. Nh2 Qg5 16. Rf3 g6 17. Raf1 Kg7 18. Qf2 Qe7 19. g4 f6 20. Qg2 Rae8 21. R1f2 Nd8 22. Bb3 Be6 23. d5 Bd7 24. Ndf1 c5 25. h4 b5 26. Bd1 Ng8 27. Ng3 c4 28. Rf1 Nb7 29. Kh1 Nc5 30. Rg1 Kh8 31. h5 g5 32. h6 Nxh6 33. Qh3 Ng8 34. Bc2 Rb8 35. Qf1 Rb7 36. Nh5 Be8 37. Rg2 Bg6 38. Ng3 Qd8 39. Rgf2 h6 40. Qe2 Rh7 41. Kg1 1/2-1/2

[Event "Chicago op 20th"]
[Site "Wheeling"]
[Date "2011.05.28"]
[Round "5"]
[White "Abrahamyan, Tatev"]
[Black "Brock, William"]
[Result "1/2-1/2"]
[WhiteElo "2335"]
[BlackElo "2024"]
[PlyCount "57"]
[EventDate "2011.05.26"]
[EventType "swiss"]
[EventRounds "9"]
[EventCountry "USA"]
[SourceTitle "CBM 142 Extra"]
[Source "ChessBase"]
[SourceDate "2011.06.27"]
[SourceVersion "1"]
[SourceVersionDate "2011.06.27"]
[SourceQuality "1"]

1. e4 e5 2. Nf3 Nc6 3. Bc4 Bc5 4. 0-0 Nf6 5. Re1 0-0 6. d3 d6 7. c3 a6 8. Bb3 Ba7 9. h3 Be6 10. Nbd2 Qd7 11. Nf1 h6 12. N3h2 d5 13. Qf3 dxe4 14. dxe4 Bxb3 15. axb3 Qe6 16. b4 Rfd8 17. Ng3 Ne7 18. Nf5 Nxf5 19. exf5 Qd5 20. Qg3 Ne4 21. Rxe4 Qxe4 22. Bxh6 g6 23. Ng4 Qxf5 24. Qh4 Rd6 25. Bg5 Kg7 26. Qh6+ Kg8 27. Qh4 Kg7 28. Qh6+ Kg8 29. Qh4 1/2-1/2